Pays d'Europe - Carte Blanche - Statistiques

Statistiques générales
  • Ce quiz a été pris 276 fois
  • Le résultat moyen est 40 sur 45
Réponses sur la Carte
Les réponses sont colorées sur une échelle allant du rouge au vert en fonction du pourcentage des utilisateurs qui les ont devinées à leur premier essai. Vous pouvez retrouver ces pourcentages ci-dessous.
 
Statistiques - réponses
Réponses % Correct
France
98%
Allemagne
97%
Suède
97%
Suisse
97%
Belgique
96%
Espagne
96%
Norvège
96%
Italie
95%
Finlande
94%
Luxembourg
94%
Portugal
94%
Royaume-Uni
94%
Autriche
93%
Pologne
93%
Russie
92%
Ukraine
92%
Biélorussie
91%
Croatie
91%
Irlande
91%
Lituanie
91%
Pays-Bas
91%
Danemark
90%
Islande
90%
Lettonie
90%
République tchèque
90%
Albanie
89%
Andorre
89%
Estonie
89%
Slovaquie
89%
Slovénie
89%
Hongrie
88%
Roumanie
88%
Grèce
87%
Saint-Marin
87%
Serbie
87%
Monaco
86%
Kosovo
85%
Vatican
85%
Macédoine du Nord
84%
Bosnie-Herzégovine
83%
Bulgarie
83%
Malte
83%
Moldavie
82%
Monténégro
82%
Liechtenstein
78%
Aucun quiz correspondant
Distribution des résultats
% des personnes avec chaque résultat
Percentile par nombre de réponses
Votre historique - résultats
Vous n’avez pas pris ce quiz